Central Library OPAC University of Rajshahi

Lessons from NAFTA for Latin America and the Caribbean / (Record no. 60777)

MARC details
000 -LEADER
fixed length control field 01390nam a2200337 a 4500
001 - CONTROL NUMBER
control field 60777
003 - CONTROL NUMBER IDENTIFIER
rucl marc code BD-RjUL
005 - DATE AND TIME OF LATEST TRANSACTION
control field 20211209080900.0
008 - FIXED-LENGTH DATA ELEMENTS--GENERAL INFORMATION
fixed length control field 010317s2005 caua b 001 0 eng
020 ## - INTERNATIONAL STANDARD BOOK NUMBER
International Standard Book Number 0804752400 (softcover : North America)
International Standard Book Number 0821358138
International Standard Book Number 0804752397 (hardcover : North America)
Terms of availability BD-RjUL
035 ## - SYSTEM CONTROL NUMBER
System control number (BD-RjUL)60901
040 ## - CATALOGING SOURCE
Original cataloging agency DLC
Transcribing agency DLC
Modifying agency BD-RjUL
Language of cataloging eng
041 ## - LANGUAGE CODE
Language code of text/sound track or separate title eng
082 00 - DEWEY DECIMAL CLASSIFICATION NUMBER
Classification number 382.918
Edition number 23
Author mark and year LEL 2005
100 1# - MAIN ENTRY--PERSONAL NAME
Personal name Lederman, Daniel,
Dates associated with a name 1968-
9 (RLIN) 181103
245 10 - TITLE STATEMENT
Title Lessons from NAFTA for Latin America and the Caribbean /
Statement of responsibility, etc. Daniel Lederman, William F. Maloney, Luis Servén.
260 ## - PUBLICATION, DISTRIBUTION, ETC. (IMPRINT)
Place of publication, distribution, etc. Palo Alto, Calif. :
Name of publisher, distributor, etc. Stanford Economics and Finance ;
Place of publication, distribution, etc. Washington, DC :
Name of publisher, distributor, etc. World Bank,
Date of publication, distribution, etc. c2005.
300 ## - PHYSICAL DESCRIPTION
Pagination xx, 407 p. :
Illustrations ill. ;
Size 23 cm.
500 ## - GENERAL NOTE
General note Includes bibliographical references and index.
650 #0 - SUBJECT ADDED ENTRY--TOPICAL TERM
Topical term or geographic name as entry element Free trade
Geographic subdivision Latin America.
9 (RLIN) 181105
Topical term or geographic name as entry element Free trade
Geographic subdivision Caribbean Area.
9 (RLIN) 181106
700 1# - ADDED ENTRY--PERSONAL NAME
Personal name Maloney, William F.
Fuller form of name (William Francis),
Dates associated with a name 1959-
Personal name Serven, Luis.
856 42 - ELECTRONIC LOCATION AND ACCESS
Materials specified Contributor biographical information
Uniform Resource Identifier <a href="http://www.loc.gov/catdir/enhancements/fy0710/2005295832-b.html">http://www.loc.gov/catdir/enhancements/fy0710/2005295832-b.html</a>
Materials specified Publisher description
Uniform Resource Identifier <a href="http://www.loc.gov/catdir/enhancements/fy0710/2005295832-d.html">http://www.loc.gov/catdir/enhancements/fy0710/2005295832-d.html</a>
942 ## - ADDED ENTRY ELEMENTS (KOHA)
Source of classification or shelving scheme Dewey Decimal Classification
Koha item type Books
Holdings
Lost status Source of classification or shelving scheme Damaged status Not for loan Collection code Permanent Location Current Location Shelving location Date acquired Source of acquisition Total Checkouts Full call number Date last seen Copy number Koha item type
  Dewey Decimal Classification   Not For Loan Non-fiction Central Library, University of Rajshahi Central Library, University of Rajshahi Reading Room 21/04/2007 Zeitlinger   382.918 LEL 2005 03/01/2017 C-1 Books